000 00624nam a2200253Ia 4500
005 20260121161158.0
008 008 260114s9999 xx 000 0 eng d
020 _a9781003417484
037 _aEBOOK
040 _aCRL
040 _beng
040 _cCRL
041 _2eng
041 _aeng
084 _qCRL
100 _aM.J.S. Hodge
_91041186
245 0 _aDarwin Studies:A Theorist and his Theories in their Contexts
260 _bTaylor and Francis
260 _c2020
856 _uhttp://www.taylorfrancis.com/books/9781003417484
942 _cEBOOK
999 _c1608002
_d1608002